Tilastot visalle Presidenttien toiset nimet

Klikkaa tästä pelataksesi tätä visaa!

Yleistilastot

  • Tätä visaa on pelattu 75 kertaa
  • Keskiarvotulos 6 / 11

Vastaustilastot

Etunimi ja sukunimiToinen nimi% Oikein
Urho KekkonenKaleva
97%
Lauri RelanderKristian
91%
Kaarlo StåhlbergJuho
89%
Juho PaasikiviKusti
88%
Carl MannerheimGustaf Emil
58%
Sauli NiinistöVäinämö
56%
Mauno KoivistoHenrik
48%
Tarja HalonenKaarina
42%
Martti AhtisaariOiva Kalevi
33%
Risto RytiHeikki
30%
Pehr SvinhufvudEhvind
17%

Tulosjakauma

Persentiili vastausten määrän mukaan

Jokaisen tuloksen saaneiden osuus

Tuloshistoriasi

Et ole pelannut tätä visaa